Periodontology at a glance (Record no. 32352)

MARC details
000 -LEADER
fixed length control field 00649nam a2200157 a 4500
008 - FIXED-LENGTH DATA ELEMENTS--GENERAL INFORMATION
fixed length control field 160126s2009 ||||||||||||||||| || u
020 ## - INTERNATIONAL STANDARD BOOK NUMBER
International Standard Book Number 9781405123839
050 ## - LIBRARY OF CONGRESS CALL NUMBER
Classification number RK 361 Cle
100 ## - MAIN ENTRY--PERSONAL NAME
Personal name Clerehugh, Valerie
245 10 - TITLE STATEMENT
Title Periodontology at a glance
Statement of responsibility, etc. By Valerie Clerehugh, Aradhna Tugnait and Robert J. Genco
260 ## - PUBLICATION, DISTRIBUTION, ETC.
Place of publication, distribution, etc. Oxford
Name of publisher, distributor, etc. Blackwell Publishing
Date of publication, distribution, etc. 2009
300 ## - PHYSICAL DESCRIPTION
Extent ix, 93p.: ill.
350 ## -
-- 56.99
650 ## - SUBJECT ADDED ENTRY--TOPICAL TERM
Topical term or geographic name entry element PERIODONTAL DISEASES -- HANDBOOKS
995 ## -
-- MICHAEL CHILUFYA SATA OPEN ACCESS
-- 903582
-- CBU-SCHOOL OF MEDICINE LIBRARY (Ndola)
-- 56.99
-- RK 361 Cle
-- 1
-- AVAILABLE
-- Feb 15, 2016
-- 903582
-- Medical Library Open Access Collection
999 ## -
-- 32352
-- 32352
Holdings
Withdrawn status Lost status Source of classification or shelving scheme Damaged status Not for loan Permanent Location Current Location Shelving location Date acquired Total Checkouts Full call number Barcode Date last seen Price effective from Koha item type
          CBU-SCHOOL OF MEDICINE LIBRARY, NDOLA. CBU-SCHOOL OF MEDICINE LIBRARY, NDOLA.   11/30/2022   RK 361 Cle 903582 11/30/2022 11/30/2022 MONOGRAPH